000 00654 a2200205 4500
001 63932
005 20260521160826.0
008 260521a1968 arg spa d
003 AR-UNSa-BCEJYS
040 _aAR-UNSa-BCEJYS
_bspa
_cAR-UNSa-BCEJYS
080 _a658.15
_xAdministración financiera privada. Gestión financiera de empresas
245 1 0 _aSelección y planificación de inversiones
264 1 _aMadrid :
_bIberico Europea de Ediciones
_c1968
300 _a242 p.
_c22 cm.
041 _aspa
942 _cBK
590 _aniveau_biblio:m niveau_hierar:0
100 1 _aNational Association of Accountants
700 1 _aGonzález, Santiago
999 _c36417
_d36417